000 00693nam a2200289Ia 4500
005 20260324114633.0
008 008 260324s9999 xx 000 0 eng d
020 _a9781003199786
037 _aEBOOK
040 _aCRL
040 _beng
040 _cCRL
041 _2eng
041 _aeng
084 _qCRL
100 _aDavid L. Craddock
_91151559
245 0 _aGame Dev Stories Volume 1
245 0 _bInterviews About Game Development and Culture
260 _bTaylor and Francis
260 _c2021
365 _a
365 _b275
856 _uhttp://www.taylorfrancis.com/books/9781003199786
942 _cEBOOK
999 _c1741862
_d1741862